Paiman-E-Taza (Record no. 2925)

MARC details
000 -LEADER
fixed length control field 00645nam a2200253 a 4500
020 ## - INTERNATIONAL STANDARD BOOK NUMBER
ISBN
082 00 - DEWEY DECIMAL CLASSIFICATION NUMBER
Classification number 225.59155
Author Cutter BRI
245 ## - TITLE STATEMENT
Title Paiman-E-Taza
Sub title New Testament
260 ## - PUBLICATION, DISTRIBUTION, ETC. (IMPRINT)
Place of publication London
Name of publisher British and Foreign Bible Society
Year of publication 1837
300 ## - PHYSICAL DESCRIPTION
Number of Pages 627p
500 ## - GENERAL NOTE
General note includes index and biblioraphy
505 2# - FORMATTED CONTENTS NOTE
Formatted contents note Appendix
650 ## - SUBJECT ADDED ENTRY--TOPICAL TERM
Topical Term Bible-Persian
650 ## - SUBJECT ADDED ENTRY--TOPICAL TERM
Topical Term Bible N.T. Persian
942 ## - ADDED ENTRY ELEMENTS (KOHA)
Koha item type Books
Holdings
Home library Current library Date acquired Cost, normal purchase price Full call number Accession Number Koha item type
Henry Martyn Institute Library Henry Martyn Institute Library   100.00 225.59155 BRI 4191 Archive Book
Henry Martyn Institute Library Henry Martyn Institute Library   100.00 225.59155 BRI 10088 Archive Book
Henry Martyn Institute Library Henry Martyn Institute Library   100.00 225.59155 BRI 14365 Archive Book
                   Copyright © 2026 | Henry Martyn Institute | Hyderabad | TS-500052 | INDIA | Implemented by hmi.edu.in
Hit-Count:

Powered by Koha